The Science and Technology of 3D Printing (Record no. 34807)
[ view plain ]
| 000 -LEADER | |
|---|---|
| fixed length control field | 01199nam a2200133Ia 4500 |
| 008 - FIXED-LENGTH DATA ELEMENTS--GENERAL INFORMATION | |
| fixed length control field | 220620s9999||||xx |||||||||||||| ||und|| |
| 020 ## - INTERNATIONAL STANDARD BOOK NUMBER | |
| International Standard Book Number | 9783040000000 |
| 245 #4 - TITLE STATEMENT | |
| Title | The Science and Technology of 3D Printing |
| 546 ## - LANGUAGE NOTE | |
| Language note | English[eng] |
| 650 ## - SUBJECT ADDED ENTRY--TOPICAL TERM | |
| Topical term or geographic name entry element | metal additive manufacturing||directed energy deposition||alloy design||elemental powder mixture||advanced materials||composition control||porosity||additive technology||SLM||computer tomography||additive manufacture||SLM Ti-6Al-4V||variability||anisotropy||fatigue crack growth||Ti-6Al-4V alloy||laser powder bed fusion||powder bed temperature||microstructure evolution||mechanical properties||additive manufacturing||pore||pulsed emission||X-ray imaging||non-spherical||hydride-dehydride (HDH) Ti-6Al-4V powder||post-process heat treatment||microstructure||ductile fracture||stress state||Ti-6Al-4V||316L stainless steel||soft materials||smart materials||stretchable devices||FRP||3D printing||defense||FDM||topology optimization||neural network||neural style transfer||binder jetting||sands||vacuum thermoforming||fiber reinforced composite||n/a |
| 700 ## - ADDED ENTRY--PERSONAL NAME | |
| Personal name | Mukherjee, Tuhin |
| 856 ## - ELECTRONIC LOCATION AND ACCESS | |
| Uniform Resource Identifier | <a href="https://mdpi.com/books/pdfview/book/4726">https://mdpi.com/books/pdfview/book/4726</a> |
| 942 ## - ADDED ENTRY ELEMENTS (KOHA) | |
| Koha item type | E-Books |
| Withdrawn status | Lost status | Damaged status | Not for loan | Home library | Current library | Date acquired | Total Checkouts | Date last seen | Price effective from | Koha item type |
|---|---|---|---|---|---|---|---|---|---|---|
| Kerala University of Digital Sciences, Innovation and Technology Knowledge Centre | Kerala University of Digital Sciences, Innovation and Technology Knowledge Centre | 20/06/2022 | 20/06/2022 | 20/06/2022 | E-Books |